[Event "HZ Chess Tournament 2022"]
[Site "Vlissingen, Netherlands"]
[Date "2022.08.11"]
[Round "7.1"]
[White "Van den Doel, Erik"]
[Black "Lalith Babu M R"]
[Result "1/2-1/2"]
[WhiteElo "2591"]
[BlackElo "2549"]
[PlyCount "101"]

1. e4 e5 2. Nf3 Nc6 3. Bb5 a6 4. Ba4 Nf6 5. d3 b5 6. Bb3 Bc5 7. O-O d6 8. c3
Bb6 9. a4 Rb8 10. axb5 axb5 11. Na3 b4 12. Ba4 Bd7 13. Bxc6 Bxc6 14. cxb4 h6
15. Qc2 Bd7 16. Nc4 O-O 17. Nxb6 Rxb6 18. Ra7 Ne8 19. Bd2 f5 20. exf5 Bxf5 21.
Qc4+ Kh8 22. Rfa1 Qf6 23. Ra8 Be6 24. Qh4 Kg8 25. Be3 Rb5 26. R1a5 Rd5 27. Qxf6
Nxf6 28. Rxf8+ Kxf8 29. d4 e4 30. Nd2 Ke7 31. Nb1 Kd7 32. b5 Rf5 33. Nc3 Kc8
34. h3 h5 35. Ra7 Nd5 36. Nxd5 Bxd5 37. b6 Bb7 38. bxc7 Rb5 39. b4 Kxc7 40. Bd2
Kc6 41. Ra5 Rxa5 42. bxa5 Kd5 43. Be3 Ba6 44. Kh2 Ke6 45. Kg3 Kf5 46. Kh4 g6
47. Bc1 d5 48. g4+ hxg4 49. hxg4+ Ke6 50. Kg5 Kf7 51. Kf4 1/2-1/2

[Event "HZ Chess Tournament 2022"]
[Site "Vlissingen, Netherlands"]
[Date "2022.08.11"]
[Round "7.2"]
[White "Ponomariov, Ruslan"]
[Black "Leenhouts, Koen"]
[Result "1-0"]
[WhiteElo "2642"]
[BlackElo "2442"]
[PlyCount "101"]

1. e4 c5 2. Nf3 e6 3. d4 cxd4 4. Nxd4 Nc6 5. Nc3 Qc7 6. Be3 a6 7. g4 b5 8. Nxc6
Qxc6 9. Qd2 b4 10. Ne2 Qxe4 11. Rg1 Qc4 12. Ng3 Qc7 13. O-O-O Nf6 14. Bf4 Qa5
15. Bc4 d5 16. Bb3 Bc5 17. g5 Nd7 18. Bxd5 O-O 19. Bxa8 Qxa2 20. Qd3 Nb6 21.
Qb3 Qxb3 22. cxb3 Nxa8 23. Ne4 Be7 24. Bd6 Bxd6 25. Rxd6 Nc7 26. Kd2 Nb5 27.
Rb6 Nd4 28. Ke3 e5 29. Nd6 Be6 30. f4 Nc2+ 31. Kd3 Nd4 32. fxe5 Nf3 33. Rf1
Nxh2 34. Rf4 Ng4 35. Kd4 h5 36. gxh6 Nxh6 37. Rxb4 Rd8 38. Kc5 a5 39. Rb7 g5
40. Rf6 Ng4 41. Rfxf7 Bxf7 42. Nxf7 Rd2 43. e6 Nf6 44. Nh6+ Kh8 45. e7 Re2 46.
Ng4 Ng8 47. Kd6 Nxe7 48. Rxe7 Rxb2 49. Nf6 Rh2 50. Kd7 Rh3 51. Ke8 1-0

[Event "HZ Chess Tournament 2022"]
[Site "Vlissingen, Netherlands"]
[Date "2022.08.11"]
[Round "7.3"]
[White "Santiago, Yago De Moura"]
[Black "Baklan, Vladimir"]
[Result "1/2-1/2"]
[WhiteElo "2490"]
[BlackElo "2582"]
[PlyCount "44"]

1. d4 Nf6 2. c4 g6 3. Nc3 Bg7 4. e4 d6 5. Nf3 O-O 6. Be2 Na6 7. Bg5 h6 8. Bh4
g5 9. Bg3 Nh5 10. d5 Nc5 11. Nd4 Nxg3 12. hxg3 e6 13. O-O Qf6 14. Nb3 Nxb3 15.
axb3 Bd7 16. b4 a6 17. c5 Qd4 18. dxe6 fxe6 19. Qb3 Kh8 20. Rad1 Qe5 21. Rd2
Bc6 22. cxd6 cxd6 1/2-1/2

[Event "HZ Chess Tournament 2022"]
[Site "Vlissingen, Netherlands"]
[Date "2022.08.11"]
[Round "7.4"]
[White "Harsha Bharathakoti"]
[Black "Shakhverdian, William"]
[Result "1-0"]
[WhiteElo "2557"]
[BlackElo "2046"]
[PlyCount "125"]

1. d4 d5 2. c4 e6 3. Nc3 a6 4. cxd5 exd5 5. Bf4 Nf6 6. e3 Bd6 7. Bg5 c6 8. Bd3
Be6 9. Qc2 c5 10. dxc5 Bxc5 11. Nge2 Nc6 12. Rd1 Be7 13. Nf4 Nb4 14. Qb3 O-O
15. O-O Qd6 16. Bb1 h6 17. Bh4 Rfd8 18. a3 d4 19. Nxe6 Qxe6 20. Qxe6 fxe6 21.
exd4 Nc6 22. Ne2 Nd5 23. Bxe7 Ncxe7 24. Rfe1 Rac8 25. Nc1 Rd6 26. Nd3 b6 27.
Ba2 Rcd8 28. Ne5 b5 29. Nd3 Nc7 30. Rc1 Ncd5 31. Nc5 Rc8 32. Rcd1 Rcc6 33. g3
Kf8 34. Rd3 g6 35. b4 Kg7 36. h4 h5 37. Bb3 Nf5 38. Bxd5 Rxd5 39. Nxe6+ Kf6 40.
Nc5 Rxd4 41. Nd7+ Kg7 42. Rxd4 Nxd4 43. Re7+ Kg8 44. Ne5 Rf6 45. Rc7 Re6 46. f4
Nf5 47. Kf2 Rd6 48. Kf3 Nd4+ 49. Kg2 Nf5 50. Kh3 Rd1 51. Rc6 Ne3 52. Rxg6+ Kh7
53. g4 hxg4+ 54. Kg3 Rd2 55. f5 Nxf5+ 56. Kxg4 Ne3+ 57. Kf3 Nc2 58. Rxa6 Rd5
59. Kf4 Rd4+ 60. Kg5 Re4 61. Ra7+ Kg8 62. Kg6 Kf8 63. Nd7+ 1-0

[Event "HZ Chess Tournament 2022"]
[Site "Vlissingen, Netherlands"]
[Date "2022.08.11"]
[Round "7.5"]
[White "Beerdsen, Thomas"]
[Black "Royal, Shreyas"]
[Result "1-0"]
[WhiteElo "2513"]
[BlackElo "2375"]
[PlyCount "71"]

1. e4 e5 2. Nf3 Nc6 3. Bc4 Bc5 4. b4 Bxb4 5. c3 Ba5 6. d4 b5 7. Bxb5 Nxd4 8.
Nxd4 exd4 9. O-O dxc3 10. Bc4 Ne7 11. Bxf7+ Kxf7 12. Qh5+ Kg8 13. Qxa5 h6 14.
Nxc3 Kh7 15. Ba3 d6 16. Rad1 Bb7 17. f4 Re8 18. Bb2 Qd7 19. Rd3 Ng8 20. e5 Ne7
21. Nb5 Qc6 22. Rg3 Nf5 23. Nd4 Nxd4 24. Bxd4 dxe5 25. Bxe5 Re7 26. Qa3 Rd7 27.
h3 Rg8 28. Rc1 Qe4 29. Rxc7 Rxc7 30. Bxc7 g5 31. Be5 Re8 32. Qxa7 Re7 33. Qb8
Rd7 34. Qh8+ Kg6 35. Qg8+ Kf5 36. Rxg5+ 1-0

[Event "HZ Chess Tournament 2022"]
[Site "Vlissingen, Netherlands"]
[Date "2022.08.11"]
[Round "7.6"]
[White "Vrolijk, Liam"]
[Black "Ikonnikov, Vyacheslav"]
[Result "1/2-1/2"]
[WhiteElo "2464"]
[BlackElo "2493"]
[PlyCount "87"]

1. d4 Nf6 2. c4 e6 3. g3 d5 4. Bg2 Nc6 5. Nf3 Bd6 6. O-O O-O 7. b3 h6 8. Bb2 b6
9. Nc3 Bb7 10. e3 Re8 11. Qe2 Rb8 12. Rfd1 Na5 13. Rac1 a6 14. c5 Bf8 15. Ne5
Nd7 16. Nd3 Nc6 17. b4 bxc5 18. dxc5 Ba8 19. a3 Qc8 20. f4 d4 21. Na2 dxe3 22.
Qxe3 a5 23. g4 axb4 24. Naxb4 Nxb4 25. axb4 Bxg2 26. Kxg2 e5 27. fxe5 Nf6 28.
Qf3 Qxg4+ 29. Qxg4 Nxg4 30. Re1 Red8 31. Rcd1 h5 32. Bc3 Rd5 33. Nf2 Rxd1 34.
Nxd1 Rd8 35. Nf2 Nxf2 36. Kxf2 Rd3 37. Re3 Rd8 38. e6 Re8 39. exf7+ Kxf7 40.
Rf3+ Ke6 41. Rh3 g6 42. Re3+ Kf7 43. Rf3+ Ke7 44. Re3+ 1/2-1/2

[Event "HZ Chess Tournament 2022"]
[Site "Vlissingen, Netherlands"]
[Date "2022.08.11"]
[Round "7.7"]
[White "Grutter, Tim"]
[Black "Schoppen, Casper"]
[Result "1/2-1/2"]
[WhiteElo "2246"]
[BlackElo "2507"]
[PlyCount "53"]

1. e4 c5 2. Nf3 d6 3. d4 cxd4 4. Nxd4 Nf6 5. Nc3 a6 6. g3 e5 7. Nb3 Be7 8. Bg2
O-O 9. O-O b5 10. a4 b4 11. Nd5 a5 12. Be3 Nxd5 13. Qxd5 Ra6 14. Rfc1 Be6 15.
Qd3 Ra8 16. f4 Nd7 17. f5 Bxb3 18. cxb3 Bg5 19. Bxg5 Qxg5 20. Qxd6 Qe3+ 21. Kh1
Nf6 22. Qxe5 Ng4 23. Qc5 Nf2+ 24. Kg1 Nh3+ 25. Kh1 Nf2+ 26. Kg1 Nh3+ 27. Kh1
1/2-1/2

[Event "HZ Chess Tournament 2022"]
[Site "Vlissingen, Netherlands"]
[Date "2022.08.11"]
[Round "7.8"]
[White "Dhulipalla Bala Chandra Pr"]
[Black "De Jong, Tom"]
[Result "1-0"]
[WhiteElo "2431"]
[BlackElo "2191"]
[PlyCount "77"]

1. d4 d5 2. Nf3 c5 3. c4 e6 4. cxd5 exd5 5. g3 Nc6 6. Bg2 cxd4 7. Nxd4 Bc5 8.
Nb3 Bb6 9. Nc3 Nf6 10. O-O d4 11. Na4 O-O 12. Bg5 h6 13. Bxf6 Qxf6 14. Nxb6
axb6 15. Bxc6 bxc6 16. Qxd4 Rd8 17. Qxb6 Bg4 18. f3 Bh3 19. Rfb1 Bf5 20. Rd1
Rxd1+ 21. Rxd1 Rxa2 22. Qd8+ Qxd8 23. Rxd8+ Kh7 24. Rd2 Kg6 25. Kf2 Kf6 26. Ke3
Ra4 27. Nd4 Bd7 28. Nxc6 Bxc6 29. Rd6+ Ke5 30. Rxc6 Rb4 31. Rc5+ Kd6 32. Rc2 g5
33. Kd3 f5 34. Kc3 Ra4 35. Rd2+ Ke5 36. b4 g4 37. fxg4 fxg4 38. b5 Ke4 39. b6
1-0

[Event "HZ Chess Tournament 2022"]
[Site "Vlissingen, Netherlands"]
[Date "2022.08.11"]
[Round "7.10"]
[White "Pham, Khoi"]
[Black "Lohr, Maximilian"]
[Result "1/2-1/2"]
[WhiteElo "2376"]
[BlackElo "2112"]
[PlyCount "46"]

1. e4 c6 2. Nf3 d5 3. Nc3 dxe4 4. Nxe4 Nf6 5. Qe2 Nxe4 6. Qxe4 Nd7 7. Bc4 Nf6
8. Ne5 e6 9. Qe2 Be7 10. O-O O-O 11. a4 c5 12. b3 Nd7 13. Bb2 Nxe5 14. Bxe5 Bf6
15. f4 Bd7 16. Rae1 Bc6 17. Qf2 Bh4 18. g3 Bf6 19. f5 exf5 20. Bxf6 Qxf6 21.
Qxc5 g6 22. d4 Rfd8 23. d5 Bxd5 1/2-1/2

[Event "HZ Chess Tournament 2022"]
[Site "Vlissingen, Netherlands"]
[Date "2022.08.11"]
[Round "7.11"]
[White "Mensing, Adrian"]
[Black "Sorbe, Stephane"]
[Result "0-1"]
[WhiteElo "1969"]
[BlackElo "2353"]
[PlyCount "78"]

1. d4 Nf6 2. c4 g6 3. g3 d5 4. cxd5 Nxd5 5. e4 Nb6 6. Bg2 Bg7 7. Ne2 O-O 8. O-O
a5 9. Nbc3 a4 10. Bf4 c6 11. Bxb8 Rxb8 12. Nxa4 Nxa4 13. Qxa4 Qb6 14. Qc4 Qxb2
15. Rab1 Qa3 16. Rfd1 Be6 17. Qc1 Qxa2 18. Nc3 Qa5 19. Ra1 Qh5 20. Ra7 Rfd8 21.
e5 Bg4 22. Rd2 Bf3 23. Qa3 Qg5 24. Rd3 Bxg2 25. Kxg2 Bxe5 26. h4 Qf5 27. Rf3
Bd6 28. Qb2 Qg4 29. Nd1 Qe4 30. Qb3 Qd5 31. Qb6 e5 32. Rxb7 exd4 33. Nb2 c5 34.
Rxb8 Rxb8 35. Qa5 Kg7 36. Qd2 Rb3 37. Nd3 c4 38. Ne1 Bb4 39. Qf4 Bxe1 0-1

[Event "HZ Chess Tournament 2022"]
[Site "Vlissingen, Netherlands"]
[Date "2022.08.11"]
[Round "7.12"]
[White "Klepke, Ricardo"]
[Black "Duson, Robin"]
[Result "1/2-1/2"]
[WhiteElo "2293"]
[BlackElo "2040"]
[PlyCount "84"]

1. d4 Nf6 2. c4 e6 3. g3 c5 4. Nf3 cxd4 5. Nxd4 d5 6. Nc2 Be7 7. Bg2 O-O 8. O-O
dxc4 9. Qxd8 Rxd8 10. Nba3 Nd5 11. Nxc4 Nc6 12. N2e3 Nxe3 13. Bxe3 Bd7 14. Rfd1
Be8 15. a4 b6 16. Bf4 g5 17. Bd6 Kf8 18. b3 Rac8 19. Rac1 Na5 20. Bxe7+ Kxe7
21. Rxd8 Kxd8 22. Rd1+ Ke7 23. Nxa5 bxa5 24. Be4 Rc3 25. Rb1 Kd6 26. Bxh7 f5
27. g4 Rh3 28. Rd1+ Ke7 29. Bg8 Rh8 30. Bxe6 Kxe6 31. gxf5+ Kxf5 32. Rd5+ Kg4
33. Rxa5 Rh7 34. Re5 Bc6 35. Rc5 Be8 36. Re5 Bg6 37. b4 Rb7 38. b5 Bc2 39. Rc5
Bd1 40. f3+ Kh4 41. Kf2 Re7 42. Rc1 Bb3 1/2-1/2

[Event "HZ Chess Tournament 2022"]
[Site "Vlissingen, Netherlands"]
[Date "2022.08.11"]
[Round "7.13"]
[White "Bezemer, Arno"]
[Black "Verwoert, Jef"]
[Result "1-0"]
[WhiteElo "2278"]
[BlackElo "1998"]
[PlyCount "81"]

1. e4 c5 2. Nf3 Nc6 3. Bb5 Nd4 4. Nxd4 cxd4 5. c3 a6 6. Ba4 b5 7. Bc2 dxc3 8.
Nxc3 Bb7 9. d4 g6 10. O-O Bg7 11. Be3 Nf6 12. f3 O-O 13. Qd2 Rc8 14. Rfc1 d6
15. a4 b4 16. Ne2 a5 17. Bd3 Rxc1+ 18. Rxc1 Qa8 19. Rc7 Rc8 20. Qc2 Qb8 21.
Rxc8+ Qxc8 22. Qxc8+ Bxc8 23. Bb5 Bd7 24. Bxd7 Nxd7 25. Nc1 Kf8 26. Kf2 Ke8 27.
Ke2 Nb6 28. b3 Kd7 29. d5 Kc7 30. Kd3 e6 31. Bxb6+ Kxb6 32. Kc4 h5 33. Nd3 e5
34. Nb2 Bh6 35. Kd3 Bf8 36. Nc4+ Ka6 37. g4 h4 38. g5 h3 39. Ke3 Be7 40. f4 f6
41. gxf6 1-0

[Event "HZ Chess Tournament 2022"]
[Site "Vlissingen, Netherlands"]
[Date "2022.08.11"]
[Round "7.14"]
[White "Bakker, Jouke"]
[Black "Ollenberger, Roland"]
[Result "1/2-1/2"]
[WhiteElo "2113"]
[BlackElo "2256"]
[PlyCount "170"]

1. e4 c5 2. Nf3 e6 3. g3 Nc6 4. Bg2 Nf6 5. Qe2 Qc7 6. O-O d6 7. c3 Be7 8. Rd1
O-O 9. d4 e5 10. Na3 Bg4 11. dxc5 dxc5 12. Nc4 Rad8 13. Bg5 Be6 14. Bxf6 Bxf6
15. Ne3 Rxd1+ 16. Nxd1 Rd8 17. Ne3 g6 18. h4 Be7 19. Ne1 Rd7 20. N1c2 Qd8 21.
Nd5 Bf8 22. b3 Bg7 23. Rd1 a6 24. Nde3 Rxd1+ 25. Nxd1 Qa5 26. Nce3 b5 27. Nd5
Bh6 28. N1e3 Kf8 29. h5 Ne7 30. Ng4 Bg7 31. h6 Bh8 32. Ngf6 Bxd5 33. Nxd5 Nxd5
34. exd5 Qb6 35. g4 Bf6 36. Qe3 Qd6 37. a4 Bd8 38. axb5 axb5 39. Qe2 Bg5 40.
Qxb5 Bxh6 41. Qc6 Ke7 42. b4 cxb4 43. cxb4 Bd2 44. b5 Ba5 45. Qb7+ Bc7 46. Qc6
Kf6 47. Qxd6+ Bxd6 48. Be4 Kg5 49. Bf3 Kf4 50. Kg2 Bc5 51. Bd1 f6 52. f3 Ke3
53. Bb3 Bd6 54. b6 Kd4 55. b7 Kc5 56. Kf2 Kb6 57. Ba4 Kxb7 58. Be8 Kc7 59. Bf7
Kd7 60. Bg8 Ke7 61. Kg2 Kf8 62. Be6 Kg7 63. Kf2 Kh6 64. Bg8 f5 65. Kg2 Kg7 66.
Be6 Kf6 67. Kh3 e4 68. fxe4 fxe4 69. Kg2 Kg5 70. Kf2 Kf4 71. Ke2 Bc5 72. Bd7
Kg3 73. Be6 Kf4 74. Bc8 Kg5 75. Be6 Kf4 76. Bc8 h5 77. gxh5 gxh5 78. Bh3 h4 79.
Bc8 Bb6 80. Bh3 Kg3 81. Bf5 e3 82. d6 Kf4 83. Bh3 Bd8 84. d7 Bg5 85. Be6 Ke5
1/2-1/2

[Event "HZ Chess Tournament 2022"]
[Site "Vlissingen, Netherlands"]
[Date "2022.08.11"]
[Round "7.15"]
[White "Marzano, Carlo"]
[Black "Laux, Dominik"]
[Result "1/2-1/2"]
[WhiteElo "2104"]
[BlackElo "2245"]
[PlyCount "42"]

1. d4 d5 2. c4 c6 3. Nf3 Nf6 4. Nc3 e6 5. cxd5 exd5 6. Qc2 g6 7. Bg5 Be7 8. e3
Bf5 9. Bd3 Bxd3 10. Qxd3 Nbd7 11. O-O O-O 12. Rab1 a5 13. a3 Re8 14. Qc2 Ne4
15. Bxe7 Qxe7 16. Rfc1 Ndf6 17. h3 Nd6 18. Ne5 Nfe4 19. Nxe4 Nxe4 20. Nd3 h5
21. a4 Kg7 1/2-1/2

[Event "HZ Chess Tournament 2022"]
[Site "Vlissingen, Netherlands"]
[Date "2022.08.11"]
[Round "7.16"]
[White "Gijsen, William"]
[Black "Bruil, Rembrandt"]
[Result "1-0"]
[WhiteElo "2079"]
[BlackElo "2230"]
[PlyCount "139"]

1. e4 c5 2. Nf3 d6 3. d4 cxd4 4. Nxd4 Nf6 5. Nc3 a6 6. Be3 e6 7. Be2 Be7 8. Qd2
b5 9. a3 Bb7 10. f3 Nbd7 11. g4 Nb6 12. O-O Rc8 13. Rad1 O-O 14. g5 Nfd7 15. f4
Nc5 16. Bd3 Nc4 17. Bxc4 bxc4 18. Qg2 f5 19. Qh3 g6 20. exf5 gxf5 21. Qh6 Qd7
22. Nf3 Rc7 23. Ne5 Qe8 24. g6 Bf6 25. Rxd6 Bxe5 26. fxe5 Rg7 27. Kf2 Rxg6 28.
Rg1 Ne4+ 29. Nxe4 fxe4+ 30. Ke2 Qf7 31. Rxg6+ hxg6 32. Kd2 a5 33. h4 Bd5 34.
Kc3 Qg7 35. Qxg7+ Kxg7 36. Rd7+ Kg8 37. Ra7 Rf3 38. Kd4 Rh3 39. Rxa5 Rxh4 40.
Rb5 Rh2 41. a4 Rxc2 42. a5 Rh2 43. a6 Rh1 44. Bd2 Kf7 45. a7 Rh8 46. Rb8 Rh3
47. Be3 Rh2 48. a8=Q Bxa8 49. Rxa8 Rxb2 50. Ra7+ Kf8 51. Kxc4 Rb1 52. Bc5+ Kg8
53. Kd4 Re1 54. Bb4 Rh1 55. Be7 Re1 56. Bh4 Rb1 57. Bf6 Re1 58. Rg7+ Kf8 59.
Rxg6 e3 60. Kd3 e2 61. Kd2 Ra1 62. Kxe2 Ra3 63. Rg7 Rb3 64. Re7 Rb6 65. Ke3 Rc6
66. Kf4 Ra6 67. Kg5 Rb6 68. Kg6 Rb1 69. Rd7 Rb8 70. Rh7 1-0

[Event "HZ Chess Tournament 2022"]
[Site "Vlissingen, Netherlands"]
[Date "2022.08.11"]
[Round "7.17"]
[White "Nieuwelink, Kees"]
[Black "Warnaar, Alisha"]
[Result "1-0"]
[WhiteElo "2200"]
[BlackElo "2037"]
[PlyCount "85"]

1. e4 c5 2. Nc3 Nc6 3. g3 g6 4. Bg2 Bg7 5. d3 d6 6. Be3 e6 7. Qd2 Nge7 8. Nge2
O-O 9. O-O Nd4 10. Bh6 Nxe2+ 11. Nxe2 Bxb2 12. Bxf8 Qxf8 13. Rab1 Bg7 14. c3
Nc6 15. d4 c4 16. f4 Rb8 17. e5 d5 18. g4 b5 19. f5 gxf5 20. gxf5 Bh6 21. Nf4
Qg7 22. Rf3 Kh8 23. Rg3 Qf8 24. Qf2 b4 25. Rf1 Ne7 26. fxe6 fxe6 27. cxb4 Nf5
28. Rf3 Qxb4 29. Bh3 Qb2 30. Nxe6 Bxe6 31. Bxf5 Bxf5 32. Rxf5 Qxf2+ 33. Kxf2 c3
34. Rf6 Bg5 35. Rc6 Rb2+ 36. Kg3 c2 37. e6 Rb1 38. e7 Bxe7 39. Kg2 Rb2 40. Rf2
Rb4 41. Rcxc2 Bh4 42. Rf7 Kg8 43. Rxa7 1-0

[Event "HZ Chess Tournament 2022"]
[Site "Vlissingen, Netherlands"]
[Date "2022.08.11"]
[Round "7.18"]
[White "Bazilius, Augustinas"]
[Black "Van der Kaap, Jos"]
[Result "1/2-1/2"]
[WhiteElo "2045"]
[BlackElo "2187"]
[PlyCount "83"]

1. d4 Nf6 2. c4 c6 3. Nf3 b5 4. e3 bxc4 5. Bxc4 Ba6 6. Bxa6 Qa5+ 7. Nc3 Qxa6 8.
Qe2 d5 9. Ne5 Qxe2+ 10. Kxe2 Nfd7 11. Nxd7 Nxd7 12. Na4 e6 13. b3 Bd6 14. Bb2
Nb6 15. Nxb6 axb6 16. a3 Kd7 17. b4 b5 18. Kd3 h5 19. Rae1 Rh6 20. f3 g5 21.
Reg1 Rg8 22. Ke2 f6 23. Kf2 g4 24. h3 gxf3 25. gxf3 Rhg6 26. Rxg6 Rxg6 27. Rg1
Rxg1 28. Kxg1 Bf8 29. Kf2 Ke8 30. Kg3 Kf7 31. f4 Kg6 32. Kf3 Kf5 33. Bc3 Bd6
34. Bb2 e5 35. Bc1 Bc7 36. Bd2 Bb6 37. Bc3 Bc7 38. Bd2 Bd8 39. Bc3 exf4 40.
exf4 Kg6 41. Bd2 f5 42. Kg3 1/2-1/2

[Event "HZ Chess Tournament 2022"]
[Site "Vlissingen, Netherlands"]
[Date "2022.08.11"]
[Round "7.19"]
[White "Honkoop, Gilian"]
[Black "Manukonda Arun"]
[Result "1-0"]
[WhiteElo "2184"]
[BlackElo "2031"]
[PlyCount "71"]

1. d4 d5 2. Nf3 Nf6 3. c4 c6 4. Nc3 dxc4 5. a4 Bf5 6. e3 e6 7. Bxc4 Bb4 8. O-O
O-O 9. Qe2 Bg6 10. Ne5 Nbd7 11. Nxg6 hxg6 12. Rd1 Qc7 13. f4 c5 14. Na2 a5 15.
Nxb4 axb4 16. Bd2 b6 17. Be1 Rfc8 18. b3 Qb7 19. e4 cxd4 20. e5 Nd5 21. Rxd4
Nc5 22. Rad1 Ne7 23. Bxb4 Nf5 24. R4d2 g5 25. fxg5 g6 26. Ba3 Kg7 27. Qe1 Rh8
28. Bxc5 bxc5 29. Bxe6 Nd4 30. Bc4 Rh5 31. Qf2 Rf8 32. Qf6+ Kh7 33. Rf2 Qe4 34.
Bxf7 Rxg5 35. Qxg5 Ne2+ 36. Rxe2 1-0

[Event "HZ Chess Tournament 2022"]
[Site "Vlissingen, Netherlands"]
[Date "2022.08.11"]
[Round "7.20"]
[White "Baarslag, Ed"]
[Black "Van Wijk, Peter"]
[Result "0-1"]
[WhiteElo "2172"]
[BlackElo "2016"]
[PlyCount "52"]

1. d4 Nf6 2. c4 c5 3. d5 e6 4. Nc3 exd5 5. cxd5 d6 6. Nf3 g6 7. Bf4 a6 8. a4
Bg7 9. e3 Bg4 10. Be2 O-O 11. h3 Bxf3 12. Bxf3 Qe7 13. O-O Nbd7 14. a5 Ne5 15.
Be2 Nfd7 16. Bh2 f5 17. Re1 g5 18. f4 Ng6 19. fxg5 Be5 20. Ra4 Qxg5 21. Bf3
Rae8 22. e4 Nh4 23. Rf1 Bxh2+ 24. Kxh2 Ne5 25. exf5 Nexf3+ 26. gxf3 Qg2# 0-1

[Event "HZ Chess Tournament 2022"]
[Site "Vlissingen, Netherlands"]
[Date "2022.08.11"]
[Round "7.21"]
[White "Duchene, Rene"]
[Black "Lacrosse, Marc"]
[Result "1/2-1/2"]
[WhiteElo "2170"]
[BlackElo "2023"]
[PlyCount "35"]

1. Nf3 d5 2. d4 Nf6 3. c4 e6 4. e3 Nbd7 5. Bd3 dxc4 6. Bxc4 a6 7. a4 b6 8. O-O
Bb7 9. Qe2 Bd6 10. Nc3 Qe7 11. e4 e5 12. d5 h6 13. Nh4 g6 14. g3 Nc5 15. f3 Bc8
16. Be3 Ncd7 17. Qd2 Bc5 18. Rfc1 1/2-1/2

[Event "HZ Chess Tournament 2022"]
[Site "Vlissingen, Netherlands"]
[Date "2022.08.11"]
[Round "7.22"]
[White "Zevenhuizen, Daniel"]
[Black "Galle, Andre"]
[Result "1/2-1/2"]
[WhiteElo "2168"]
[BlackElo "1999"]
[PlyCount "47"]

1. e4 e6 2. d3 c5 3. Nf3 Nc6 4. g3 g6 5. Bg2 Bg7 6. O-O Nge7 7. Re1 h6 8. h4 d6
9. c3 e5 10. Na3 O-O 11. Be3 f5 12. Qd2 Kh7 13. Rab1 Rb8 14. b4 cxb4 15. cxb4
b5 16. Rbc1 Bd7 17. h5 f4 18. gxf4 exf4 19. Bxf4 Ne5 20. Nh2 gxh5 21. d4 N7g6
22. Be3 Ng4 23. Nxg4 hxg4 24. e5 1/2-1/2

[Event "HZ Chess Tournament 2022"]
[Site "Vlissingen, Netherlands"]
[Date "2022.08.11"]
[Round "7.23"]
[White "Gorny, Michael"]
[Black "Tiggelman, Rene"]
[Result "0-1"]
[WhiteElo "1962"]
[BlackElo "2165"]
[PlyCount "134"]

1. e4 c6 2. d4 d5 3. e5 c5 4. Nf3 Nc6 5. dxc5 e6 6. a3 Bxc5 7. b4 Bb6 8. Bb2
Nge7 9. Nbd2 Nf5 10. c4 O-O 11. c5 Bc7 12. b5 Nce7 13. Bd3 Ng6 14. g3 Nh6 15.
O-O f6 16. Bxg6 hxg6 17. Qc2 f5 18. h4 Nf7 19. Kg2 Qe8 20. a4 Bd8 21. Bd4 Bd7
22. Qb3 g5 23. hxg5 Nxg5 24. Nxg5 Bxg5 25. Nf3 Be7 26. Rh1 Rc8 27. Qe3 a6 28.
bxa6 bxa6 29. a5 Bb5 30. Rac1 f4 31. Qd2 Qg6 32. Rc3 Rf5 33. Rh3 Qg4 34. Qd1
Rh5 35. Rxh5 Qxh5 36. Qh1 Qxh1+ 37. Kxh1 fxg3 38. fxg3 Bc4 39. Rc1 Bxc5 40.
Bxc5 Rxc5 41. Ng5 Rxa5 42. Nxe6 Kf7 43. Nd4 Ra3 44. Kh2 Re3 45. Nf5 Rxe5 46.
Nd6+ Ke6 47. Nxc4 dxc4 48. Rxc4 Kd6 49. Rc8 a5 50. Kh3 a4 51. Ra8 Re4 52. Ra6+
Kc5 53. Ra7 g5 54. Ra5+ Kb4 55. Rxg5 a3 56. Rf5 Re1 57. Rf4+ Kb3 58. Rf3+ Kb2
59. Rf2+ Kb1 60. g4 a2 61. Rxa2 Kxa2 62. g5 Kb3 63. Kg4 Kc4 64. g6 Kd5 65. Kg5
Ke6 66. Kh6 Kf6 67. g7 Rh1# 0-1

[Event "HZ Chess Tournament 2022"]
[Site "Vlissingen, Netherlands"]
[Date "2022.08.11"]
[Round "7.24"]
[White "Boelhouwer, Collin"]
[Black "Saketh, Pedagandham"]
[Result "0-1"]
[WhiteElo "2151"]
[BlackElo "1947"]
[PlyCount "82"]

1. e4 c5 2. Nf3 d6 3. d4 cxd4 4. Nxd4 Nf6 5. Nc3 a6 6. Bg5 e6 7. f4 Be7 8. Qf3
Qc7 9. O-O-O Nbd7 10. g4 h6 11. Bh4 g5 12. fxg5 Ne5 13. Qg3 Nfxg4 14. gxh6 Bxh4
15. Qxh4 Qe7 16. Qg3 Qg5+ 17. Kb1 Qe3 18. Qxe3 Nxe3 19. Re1 Nxf1 20. Rexf1 Rxh6
21. Nf3 Nxf3 22. Rxf3 Bd7 23. h4 Bc6 24. Rf4 Ke7 25. Rhf1 Rf8 26. b3 e5 27. Rg4
Rfh8 28. Rg7 Rf6 29. Rxf6 Kxf6 30. Rg4 Ke7 31. Kc1 Bd7 32. Nd5+ Kf8 33. Rg1
Rxh4 34. Re1 Bc6 35. c4 Bxd5 36. cxd5 Ke7 37. Re2 b5 38. Kc2 f5 39. Rg2 Rxe4
40. Rg7+ Ke8 41. Kc3 f4 0-1

[Event "HZ Chess Tournament 2022"]
[Site "Vlissingen, Netherlands"]
[Date "2022.08.11"]
[Round "7.25"]
[White "Jeanne, Mickael"]
[Black "Boghossian, Wahe"]
[Result "1-0"]
[WhiteElo "2145"]
[BlackElo "1892"]
[PlyCount "107"]

1. c4 Nf6 2. Nf3 c5 3. g3 g6 4. Bg2 Bg7 5. O-O Nc6 6. d4 cxd4 7. Nxd4 O-O 8.
Nc3 Qb6 9. Nc2 d6 10. b3 Be6 11. Be3 Qa5 12. Bd2 Qh5 13. e4 Bg4 14. f3 Bd7 15.
Rc1 Bh6 16. Bxh6 Qxh6 17. Re1 Ne8 18. Ne3 Qg7 19. Ned5 h5 20. Qd2 Kh7 21. Ne2
Rc8 22. f4 Bg4 23. Nec3 Rh8 24. Ne3 Nd4 25. Qf2 e5 26. f5 gxf5 27. exf5 h4 28.
Nxg4 Qxg4 29. Nd5 hxg3 30. hxg3 f6 31. Ne3 Qg5 32. Bxb7 Rc7 33. Be4 Kg7 34. Kg2
Kf8 35. Rh1 Rch7 36. Rxh7 Rxh7 37. Rh1 Rxh1 38. Kxh1 Ng7 39. g4 Qh6+ 40. Kg2
Qg5 41. Kf1 Ne8 42. Ke1 a5 43. Kd2 Qh6 44. Kd3 Nc7 45. Bb7 Qh7 46. Kd2 Ncb5 47.
Qg2 Na3 48. Qh1 Qxh1 49. Bxh1 Nb1+ 50. Kd3 Na3 51. Be4 Kg7 52. Kc3 Kh6 53. Kb2
Kg5 54. Nd5 1-0

[Event "HZ Chess Tournament 2022"]
[Site "Vlissingen, Netherlands"]
[Date "2022.08.11"]
[Round "7.26"]
[White "Van de Poel, Taco"]
[Black "Kools, Thomas"]
[Result "1/2-1/2"]
[WhiteElo "1818"]
[BlackElo "2135"]
[PlyCount "45"]

1. e4 c5 2. Nf3 e6 3. d4 cxd4 4. Nxd4 a6 5. c4 Nf6 6. Nc3 Bb4 7. Qd3 O-O 8. e5
Ne8 9. a3 Be7 10. Bf4 d6 11. Be2 dxe5 12. Bxe5 Nd7 13. Bg3 Nc5 14. Qe3 Bg5 15.
f4 Bf6 16. Rd1 Qe7 17. b4 Nd7 18. c5 Bh4 19. Bxh4 Qxh4+ 20. g3 Qd8 21. O-O Nef6
22. Rfe1 Qc7 23. Bf3 1/2-1/2

[Event "HZ Chess Tournament 2022"]
[Site "Vlissingen, Netherlands"]
[Date "2022.08.11"]
[Round "7.27"]
[White "Seul, Georg"]
[Black "Lichtmannecker, Daniel"]
[Result "1/2-1/2"]
[WhiteElo "2363"]
[BlackElo "2031"]
[PlyCount "92"]

1. e4 e5 2. Nf3 Nf6 3. Nxe5 Nxe4 4. Qe2 Qe7 5. Qxe4 d6 6. d4 dxe5 7. dxe5 Nc6
8. Nc3 Qxe5 9. Qxe5+ Nxe5 10. Bf4 f6 11. O-O-O Bd7 12. Nb5 Bxb5 13. Bxb5+ c6
14. Be2 Bc5 15. Bg3 O-O 16. c3 Rfd8 17. Kc2 Kf8 18. a4 a5 19. Rhe1 Rxd1 20.
Bxd1 Re8 21. Re4 g6 22. b4 axb4 23. cxb4 Bd6 24. Rd4 Ke7 25. f4 Nf7 26. Bf2 Rd8
27. g3 Bc7 28. Re4+ Kd7 29. Bf3 Nd6 30. Rd4 Kc8 31. Rd2 Nf5 32. Rxd8+ Kxd8 33.
Kd3 h5 34. Be4 Kd7 35. Bc5 Ke6 36. a5 g5 37. fxg5 fxg5 38. a6 bxa6 39. Bxc6 Nd6
40. Ke3 h4 41. Kf3 hxg3 42. hxg3 Kf5 43. g4+ Ke5 44. Be3 Bd8 45. Bc5 Bc7 46.
Be3 Bd8 1/2-1/2

[Event "HZ Chess Tournament 2022"]
[Site "Vlissingen, Netherlands"]
[Date "2022.08.11"]
[Round "7.29"]
[White "Wilgenhof, Otto"]
[Black "Kalisvaart, Peter"]
[Result "0-1"]
[WhiteElo "2170"]
[BlackElo "1979"]
[PlyCount "86"]

1. d4 d5 2. Bg5 Nf6 3. Bxf6 exf6 4. e3 Bd6 5. c4 dxc4 6. Bxc4 O-O 7. Nc3 f5 8.
Qf3 c6 9. Nge2 Qg5 10. h4 Qg4 11. Qxg4 fxg4 12. e4 Nd7 13. e5 Nb6 14. Bb3 Be7
15. Nf4 a5 16. a3 a4 17. Ba2 Bf5 18. e6 fxe6 19. Nxe6 Bxe6 20. Bxe6+ Kh8 21.
Ne2 h5 22. g3 Rae8 23. Nf4 Bd6 24. Ng6+ Kh7 25. Nxf8+ Bxf8 26. O-O-O Rxe6 27.
Rhe1 Re7 28. Kc2 Nd7 29. Rxe7 Bxe7 30. Kd3 Kg6 31. Ke4 Bd6 32. Rc1 Kf6 33. Rc4
Nb6 34. Rc3 Ke6 35. Rc2 Be7 36. Rc3 Nc8 37. Re3 Bf6 38. Kd3+ Kd5 39. Re8 Nd6
40. Rh8 g6 41. Rh6 Bxd4 42. Rxg6 Nf7 43. Kc2 Ke5 0-1